£45m for Former Coalfield Areas (Record no. 66198)

MARC details
000 -LEADER
fixed length control field 00684cam a2200193 4500
001 - CONTROL NUMBER
control field WB3708-19
008 - FIXED-LENGTH DATA ELEMENTS--GENERAL INFORMATION
fixed length control field 000000n2001 000 0 eng u
035 ## - SYSTEM CONTROL NUMBER
System control number (Sirsi) u111110
245 ## - TITLE STATEMENT
Title £45m for Former Coalfield Areas
260 ## - PUBLICATION, DISTRIBUTION, ETC.
Date of publication, distribution, etc. 2001
490 ## - SERIES STATEMENT
Series statement DETR Press Release
Volume/sequential designation (074) 14 February 2001, (2)
520 ## - SUMMARY, ETC.
Summary, etc. Government announces a further £45m to fund the Coalfields Regeneration Trust and the regeneration of former coalfield areas until 2005. The Trust provides regeneration of former coalfield areas.
590 ## - LOCAL NOTE (RLIN)
Local note WB
650 ## - SUBJECT ADDED ENTRY--TOPICAL TERM
Topical term or geographic name entry element COALFIELDS REGENERATION TRUST
650 ## - SUBJECT ADDED ENTRY--TOPICAL TERM
Topical term or geographic name entry element GRANT SCHEMES
650 ## - SUBJECT ADDED ENTRY--TOPICAL TERM
Topical term or geographic name entry element COALFIELD AREAS
690 ## - LOCAL SUBJECT ADDED ENTRY--TOPICAL TERM (OCLC, RLIN)
Topical term or geographic name as entry element REGENERATION
942 ## - ADDED ENTRY ELEMENTS (KOHA)
Suppress in OPAC 0
Holdings
Withdrawn status Lost status Source of classification or shelving scheme Damaged status Not for loan Home library Current library Shelving location Date acquired Total Checkouts Full call number Barcode Date last seen Copy number Price effective from Koha item type
    Dewey Decimal Classification     London London News article 22/02/2001   WB3708-19 111110-1001 06/08/2019 1 06/08/2019 News article